| 000 | 00450 a2200181 4500 | ||
|---|---|---|---|
| 999 |
_c376869 _d376869 |
||
| 003 | NUST | ||
| 005 | 20191106150127.0 | ||
| 008 | 191106b ||||| |||| 00| 0 eng d | ||
| 020 | _a8131754278 | ||
| 024 | _a9788131754276 | ||
| 038 | _aMSOHAIL | ||
| 082 | _a0 | ||
| 100 |
_aRS Ananda Murthy _925307 |
||
| 245 | _aBasic Electrical Engineering | ||
| 260 |
_aIndia _bPearson Education India _cc2011 |
||
| 300 | _ap;249 | ||
| 942 |
_aNUST-NIT _cBK _2ddc |
||